[Event "Tula Suetin Memorial op"]
[Site "Tula"]
[Date "2002.??.??"]
[Round "8"]
[White "Izmukhambetov, Salauat"]
[Black "Halyavskiy, Nikita"]
[Result "0-1"]
[WhiteElo "2371"]
[BlackElo "2273"]
[PlyCount "126"]
[EventDate "2002.03.23"]
[EventType "swiss"]
[EventRounds "9"]
[EventCountry "RUS"]
[SourceTitle "CBM 087 Extra"]
[Source "ChessBase"]
[SourceDate "2002.05.03"]
[SourceVersion "2"]
[SourceVersionDate "2002.08.09"]
[SourceQuality "1"]

1. e4 c5 2. c3 d5 3. exd5 Qxd5 4. d4 g6 5. Nf3 Bg7 6. Na3 Bg4 7. Be2 cxd4 8. Nb5 Na6 9. Qa4 Kf8 10. cxd4 Bd7 11. 0-0 Bf6 12. Be3 Kg7 13. Ne5 Nh6 14. Bc4 Bxb5 15. Bxb5 Bxe5 16. dxe5 Nf5 17. Rfe1 Nc5 18. Qb3 Nxe3 19. Qxe3 Rhd8 20. Bf1 b6 21. Qg5 Rd7 22. b3 Qd2 23. Qg3 Qb2 24. Bc4 Rd2 25. Qf3 Rf8 26. Rab1 Qd4 27. Rbd1 Rxd1 28. Qxd1 Rd8 29. Qf3 e6 30. h3 Qh4 31. Bf1 Rd2 32. a3 Qd4 33. b4 Nd7 34. Qe3 Qxe3 35. Rxe3 g5 36. g3 Rd5 37. f4 gxf4 38. gxf4 Nf8 39. Kf2 Ng6 40. Kg3 Rd4 41. Rf3 h5 42. h4 Rd1 43. Bd3 Rg1+ 44. Kf2 Rg4 45. Bxg6 Kxg6 46. f5+ exf5 47. Rd3 Rxh4 48. Rd6+ Kg5 49. Rd7 Rh2+ 50. Kg3 Re2 51. Rxf7 Re3+ 52. Kf2 Rxa3 53. e6 f4 54. Rb7 Kf6 55. e7 Kf7 56. b5 Ke8 57. Kg2 h4 58. Rc7 f3+ 59. Kf2 h3 60. Kg3 Ra1 61. Rc8+ Kxe7 62. Rh8 f2 63. Kxf2 h2 0-1

[Event "RUS-ch 1/2 fin"]
[Site "Tula"]
[Date "2002.??.??"]
[Round "7"]
[White "Izmukhambetov, Salauat"]
[Black "Shaydullina, Sandugach"]
[Result "1-0"]
[WhiteElo "2371"]
[BlackElo "2193"]
[PlyCount "117"]
[EventDate "2002.??.??"]
[EventType "swiss"]
[EventRounds "9"]
[EventCountry "RUS"]
[SourceTitle "EXT 2003"]
[Source "ChessBase"]
[SourceDate "2002.11.25"]
[SourceVersion "1"]
[SourceVersionDate "2002.11.25"]
[SourceQuality "1"]

1. e4 c5 2. c3 d5 3. exd5 Qxd5 4. d4 g6 5. Nf3 Bg7 6. Na3 cxd4 7. Bc4 Qe4+ 8. Be3 Nh6 9. Bd3 Qg4 10. h3 Qh5 11. Nb5 Na6 12. Nbxd4 0-0 13. 0-0 Qa5 14. Re1 Nf5 15. Bxf5 Bxf5 16. Bg5 Bf6 17. Bxf6 exf6 18. Re7 Bc8 19. Qe2 Nc7 20. a3 Nd5 21. Re8 Bd7 22. Rxa8 Rxa8 23. Rd1 Re8 24. Qd2 Nb6 25. Re1 Qd5 26. Rxe8+ Bxe8 27. Qe3 Bd7 28. b3 Qd6 29. a4 Nd5 30. Qd2 Nf4 31. c4 b6 32. Nb5 Qxd2 33. Nxd2 a6 34. Nc7 Bc6 35. Nxa6 Bxg2 36. Kh2 Bb7 37. Nb8 Kf8 38. Nd7+ Ke7 39. Nxb6 Kd6 40. b4 Nd3 41. b5 Ne5 42. f4 Nd3 43. Nb3 Nxf4 44. a5 Ne6 45. a6 Be4 46. Nd2 Kc7 47. Nd5+ Bxd5 48. cxd5 Nd4 49. d6+ Kb6 50. d7 Ne6 51. Nc4+ Ka7 52. Nd6 f5 53. Nxf7 g5 54. Nxg5 Nd8 55. Nxh7 Kb6 56. Ng5 Kc7 57. h4 f4 58. h5 f3 59. Kg3 1-0

[Event "Asia-ch"]
[Site "Kolkata"]
[Date "2001.08.16"]
[Round "10"]
[White "Isaev, Jamshed"]
[Black "Izmukhambetov, Salauat"]
[Result "1-0"]
[WhiteElo "2454"]
[BlackElo "2352"]
[PlyCount "67"]
[EventDate "2001.08.09"]
[EventType "swiss"]
[EventRounds "11"]
[EventCountry "IND"]
[SourceTitle "CBM 085"]
[Source "ChessBase"]
[SourceDate "2001.11.13"]
[SourceVersion "1"]
[SourceVersionDate "2001.11.13"]
[SourceQuality "1"]

1. e4 Nf6 2. e5 Nd5 3. d4 d6 4. c4 Nb6 5. f4 dxe5 6. fxe5 Nc6 7. Be3 Bf5 8. Nc3 e6 9. Nf3 Bg4 10. Qd2 Be7 11. 0-0-0 Qd7 12. h3 Bf5 13. Bd3 Nb4 14. Bxf5 Nxc4 15. Qe2 Nxe3 16. Qxe3 exf5 17. d5 0-0 18. Qf4 a5 19. g4 fxg4 20. hxg4 Ra6 21. g5 Rg6 22. Rh5 h6 23. a3 Ra8 24. gxh6 Qg4 25. Qxg4 Rxg4 26. hxg7 Ra6 27. axb4 axb4 28. Ne2 b3 29. Kd2 Bb4+ 30. Kd3 Ra2 31. Ned4 Kxg7 32. Nf5+ Kg6 33. Rh6+ Kxf5 34. Rf6# 1-0

[Event "Asia-ch"]
[Site "Kolkata"]
[Date "2001.08.13"]
[Round "5"]
[White "Izmukhambetov, Salauat"]
[Black "Ganguly, Surya Shekhar"]
[Result "0-1"]
[WhiteElo "2352"]
[BlackElo "2464"]
[PlyCount "86"]
[EventDate "2001.08.09"]
[EventType "swiss"]
[EventRounds "11"]
[EventCountry "IND"]
[SourceTitle "CBM 085"]
[Source "ChessBase"]
[SourceDate "2001.11.13"]
[SourceVersion "1"]
[SourceVersionDate "2001.11.13"]
[SourceQuality "1"]

1. e4 e5 2. f4 exf4 3. Nc3 Qh4+ 4. Ke2 d5 5. Nxd5 Bd6 6. Nf3 Bg4 7. d4 Nf6 8. Nxf6+ gxf6 9. c3 Nc6 10. Kd3 Qh5 11. Kc2 0-0-0 12. Be2 Rhg8 13. Qf1 Qg6 14. Bd3 Bh5 15. Nh4 Qg4 16. Qf2 Be5 17. d5 Ne7 18. Re1 Qg5 19. Bd2 c6 20. c4 Kb8 21. Rf1 Rc8 22. d6 Bxd6 23. Bxf4 Bxf4 24. Qxf4+ Ka8 25. Qxf6 Qc5 26. a3 Rcd8 27. Rae1 Rd7 28. b4 Qb6 29. c5 Qd8 30. Re3 a5 31. g3 Bg4 32. Qc3 f5 33. Bc4 fxe4 34. Bxg8 Qxg8 35. Qb3 Qd8 36. Kc1 Rd4 37. Qa4 Kb8 38. Qb3 Nd5 39. Ree1 axb4 40. axb4 Qg5+ 41. Kb2 Rxb4 42. Rf8+ Bc8 43. Rxe4 Qd2+ 0-1

[Event "Asia-ch"]
[Site "Kolkata"]
[Date "2001.08.13"]
[Round "6"]
[White "Mallahi, Amir"]
[Black "Izmukhambetov, Salauat"]
[Result "1-0"]
[WhiteElo "2416"]
[BlackElo "2352"]
[PlyCount "71"]
[EventDate "2001.08.09"]
[EventType "swiss"]
[EventRounds "11"]
[EventCountry "IND"]
[SourceTitle "CBM 085"]
[Source "ChessBase"]
[SourceDate "2001.11.13"]
[SourceVersion "1"]
[SourceVersionDate "2001.11.13"]
[SourceQuality "1"]

1. e4 Nf6 2. e5 Nd5 3. d4 d6 4. c4 Nb6 5. exd6 exd6 6. Be3 Be7 7. Qf3 0-0 8. Nc3 c6 9. Bd3 Be6 10. b3 N8d7 11. Nh3 c5 12. Nf4 cxd4 13. Bxd4 Ne5 14. Bxe5 dxe5 15. Nxe6 fxe6 16. Qh3 g6 17. 0-0 Qc8 18. Rae1 Bb4 19. Bb1 Bd6 20. Ne4 Be7 21. Nd2 Bb4 22. Re2 Qc6 23. Nf3 Rxf3 24. Qxf3 Qxf3 25. gxf3 Bc3 26. Rd1 Bd4 27. f4 Nd7 28. fxe5 Nxe5 29. Kg2 Nc6 30. Rxe6 Bc5 31. Be4 Rf8 32. f3 Nd4 33. Re5 Bb6 34. c5 Bc7 35. Re7 Bd8 36. Rd7 1-0

[Event "RUS-ch Armed Forces"]
[Site "Sevastopol"]
[Date "1997.??.??"]
[Round "4"]
[White "Izmukhambetov, Salauat"]
[Black "Belikov, Vladimir"]
[Result "0-1"]
[WhiteElo "2510"]
[BlackElo "2500"]
[PlyCount "109"]
[EventDate "1997.??.??"]
[EventType "tourn"]
[EventRounds "10"]
[EventCountry "RUS"]
[EventCategory "11"]
[SourceTitle "EXT 2000"]
[Source "ChessBase"]
[SourceDate "1999.11.16"]
[SourceVersion "1"]
[SourceVersionDate "1999.11.16"]
[SourceQuality "1"]

1. e4 c5 2. c3 d5 3. exd5 Qxd5 4. d4 Nf6 5. Nf3 Bg4 6. Nbd2 Nc6 7. Bc4 Bxf3 8. gxf3 Qf5 9. Qb3 0-0-0 10. Bxf7 Nd5 11. Bxd5 Rxd5 12. Ne4 e6 13. Be3 Qxf3 14. Ng3 cxd4 15. cxd4 Bb4+ 16. Kf1 Rf8 17. Kg1 h5 18. Qd1 Qf7 19. h4 e5 20. Qxh5 Qxh5 21. Nxh5 exd4 22. Bg5 g6 23. Ng3 Ne5 24. Kg2 d3 25. a3 Ba5 26. Rac1+ Kd7 27. Ne4 Ke6 28. Nc5+ Kf5 29. Nxb7 Bb6 30. b4 d2 31. Rcd1 Ke4 32. Nc5+ Bxc5 33. bxc5 Nf3 34. Be3 Kd3 35. Kg3 Ke2 36. c6 Rc8 37. Bxd2 Nxd2 38. Rhe1+ Kd3 39. Re6 Kc2 40. Rde1 Rd3+ 41. Kg4 Rd4+ 42. Kg3 Nc4 43. Rxg6 Nd6 44. Re5 Rxc6 45. h5 Rc3+ 46. Kg2 Nc4 47. Re7 a5 48. h6 Rh4 49. h7 Nxa3 50. f3 Rc5 51. Rg8 Rch5 52. Ra7 Nc4 53. Rc8 Kb3 54. Rb7+ Kc3 55. Ra7 0-1

[Event "RUS-ch Armed Forces"]
[Site "Sevastopol"]
[Date "1997.??.??"]
[Round "1"]
[White "Izmukhambetov, Salauat"]
[Black "Bologan, Viktor"]
[Result "0-1"]
[WhiteElo "2510"]
[BlackElo "2575"]
[PlyCount "60"]
[EventDate "1997.??.??"]
[EventType "tourn"]
[EventRounds "10"]
[EventCountry "RUS"]
[EventCategory "11"]
[SourceTitle "EXT 2000"]
[Source "ChessBase"]
[SourceDate "1999.11.16"]
[SourceVersion "1"]
[SourceVersionDate "1999.11.16"]
[SourceQuality "1"]

1. e4 g6 2. d4 Bg7 3. Nc3 c6 4. Bc4 d6 5. Qf3 e6 6. Nge2 b5 7. Bb3 a5 8. a3 Ba6 9. d5 cxd5 10. exd5 e5 11. Ne4 h6 12. g4 Nf6 13. N2g3 Nxe4 14. Nxe4 0-0 15. Qh3 f5 16. gxf5 Bc8 17. Ng3 Rxf5 18. Nxf5 Bxf5 19. Qg3 Nd7 20. Be3 Rc8 21. c3 Nf6 22. a4 Rb8 23. axb5 Rxb5 24. Ra3 Qb8 25. Ba2 Rxb2 26. 0-0 Ne4 27. Qf3 Nxc3 28. Ba7 Qxa7 29. Qxc3 e4 30. Qxa5 Qxa5 0-1

[Event "Moscow-ch"]
[Site "Moscow"]
[Date "1997.??.??"]
[Round "9"]
[White "Izmukhambetov, Salauat"]
[Black "Gelman, Alexander"]
[Result "1-0"]
[WhiteElo "2510"]
[BlackElo "2415"]
[PlyCount "80"]
[EventDate "1997.??.??"]
[EventType "swiss"]
[EventRounds "9"]
[EventCountry "RUS"]
[SourceTitle "EXT 2000"]
[Source "ChessBase"]
[SourceDate "1999.11.16"]
[SourceVersion "1"]
[SourceVersionDate "1999.11.16"]
[SourceQuality "1"]

1. e4 d6 2. d4 g6 3. Nc3 Bg7 4. f4 Nc6 5. Bb5 Bd7 6. Nf3 a6 7. Be2 e5 8. dxe5 dxe5 9. 0-0 Bg4 10. Qe1 Bxf3 11. Bxf3 Nd4 12. Bd1 c6 13. f5 Bh6 14. Qg3 Qe7 15. Bxh6 Nxh6 16. Na4 Ng8 17. c3 Nb5 18. b4 Nf6 19. fxg6 hxg6 20. Bb3 Rh7 21. Qf3 Nh5 22. g3 Rd8 23. Rad1 Rxd1 24. Rxd1 Qg5 25. Nc5 Nf4 26. Bc4 Qh6 27. h4 Qh5 28. Rf1 Nd6 29. Bb3 b6 30. Na4 Qxf3 31. Rxf3 Nh5 32. Bc2 Nc8 33. Bd3 b5 34. Nc5 f6 35. Kg2 Ra7 36. Nb3 Nd6 37. Rf2 f5 38. exf5 gxf5 39. Bxf5 Rg7 40. g4 Nf4+ 1-0

[Event "Moscow-ch"]
[Site "Moscow"]
[Date "1997.??.??"]
[Round "8"]
[White "Izmukhambetov, Salauat"]
[Black "Gutov, Andrey"]
[Result "1-0"]
[WhiteElo "2510"]
[BlackElo "2195"]
[PlyCount "70"]
[EventDate "1997.??.??"]
[EventType "swiss"]
[EventRounds "9"]
[EventCountry "RUS"]
[SourceTitle "EXT 2000"]
[Source "ChessBase"]
[SourceDate "1999.11.16"]
[SourceVersion "1"]
[SourceVersionDate "1999.11.16"]
[SourceQuality "1"]

1. e4 c6 2. d4 d5 3. e5 c5 4. dxc5 Nc6 5. Bb5 e6 6. Be3 Nge7 7. c3 Bd7 8. Bxc6 Nxc6 9. Nf3 Qc7 10. Bd4 Nxd4 11. cxd4 b6 12. cxb6 Qxb6 13. Qb3 Qa6 14. Nc3 Be7 15. Kd2 0-0 16. Qc2 f6 17. Rhe1 fxe5 18. Rxe5 Qb6 19. Qb3 Qa5 20. Re2 Bf6 21. Ke1 Rab8 22. Qc2 Bb5 23. Rxe6 Rfe8 24. Re3 Bc4 25. Qa4 Rxe3+ 26. fxe3 Qc7 27. Qc2 Bh4+ 28. Kd2 Be7 29. Nxd5 Qa5+ 30. Nc3 Bb4 31. Ke1 Bxa2 32. Kf2 Rc8 33. Qd2 g5 34. Qe2 g4 35. Rxa2 gxf3 1-0

[Event "RUS-ch Armed Forces"]
[Site "Sevastopol"]
[Date "1997.??.??"]
[Round "11"]
[White "Nikolenko, Oleg"]
[Black "Izmukhambetov, Salauat"]
[Result "0-1"]
[WhiteElo "2450"]
[BlackElo "2510"]
[PlyCount "70"]
[EventDate "1997.??.??"]
[EventType "tourn"]
[EventRounds "10"]
[EventCountry "RUS"]
[EventCategory "11"]
[SourceTitle "EXT 2000"]
[Source "ChessBase"]
[SourceDate "1999.11.16"]
[SourceVersion "1"]
[SourceVersionDate "1999.11.16"]
[SourceQuality "1"]

1. e4 g6 2. d4 Bg7 3. Nf3 Nh6 4. Bd3 f6 5. 0-0 0-0 6. c4 Nf7 7. c5 d6 8. cxd6 exd6 9. Nc3 Nc6 10. Be3 Kh8 11. Rc1 Ne7 12. d5 c6 13. dxc6 bxc6 14. Bc4 a5 15. Re1 Rb8 16. b3 g5 17. h4 Bg4 18. Bxf7 Rxf7 19. Nxg5 fxg5 20. Qxg4 gxh4 21. Qxh4 Qg8 22. Qg3 Rf6 23. Red1 Rg6 24. Qh3 Rf8 25. Ne2 d5 26. exd5 Nxd5 27. Bd4 Bxd4 28. Rxd4 Qf7 29. Qh4 Qf3 30. Ng3 Qxf2+ 31. Kh2 Rxg3 32. Qxg3 Qxd4 33. Rxc6 Ne3 34. Qe1 Qe5+ 35. Kh3 Qf5+ 0-1

[Event "Yalta op"]
[Site "Yalta"]
[Date "1996.??.??"]
[Round "7"]
[White "Barskij, Vladimir"]
[Black "Izmukhambetov, Salauat"]
[Result "1-0"]
[WhiteElo "2350"]
[BlackElo "2465"]
[PlyCount "59"]
[EventDate "1996.??.??"]
[EventType "swiss"]
[EventRounds "11"]
[EventCountry "UKR"]
[SourceTitle "EXT 1998"]
[Source "ChessBase"]
[SourceDate "1997.11.17"]
[SourceVersion "1"]
[SourceVersionDate "1997.11.17"]
[SourceQuality "1"]

1. e4 c6 2. d4 d5 3. exd5 cxd5 4. Nf3 Nf6 5. Bd3 Qc7 6. 0-0 Bg4 7. Nbd2 Nc6 8. c3 e6 9. Re1 Bd6 10. Nf1 Bh5 11. Bg5 Bg6 12. Bxf6 gxf6 13. a4 0-0 14. Nh4 f5 15. Re3 a6 16. Rh3 Rab8 17. Qe2 Ra8 18. Ng3 Nb8 19. Nh5 Nd7 20. Nf3 Rfe8 21. Ne5 Be7 22. Qe3 Nf6 23. Nf4 Ng4 24. Qe2 Nxe5 25. dxe5 b5 26. Nh5 Kh8 27. Qe3 bxa4 28. Rxa4 Rab8 29. Nf6 Bxf6 30. exf6 1-0

[Event "RUS-Cup2"]
[Site "Moscow"]
[Date "1996.??.??"]
[Round "9"]
[White "Grabuzova, Tatiana"]
[Black "Izmukhambetov, Salauat"]
[Result "1-0"]
[WhiteElo "2310"]
[BlackElo "2530"]
[PlyCount "45"]
[EventDate "1996.11.28"]
[EventType "swiss"]
[EventRounds "9"]
[EventCountry "RUS"]
[SourceTitle "CBM 056 Extra"]
[Source "ChessBase"]
[SourceDate "1997.03.01"]
[SourceVersion "1"]
[SourceVersionDate "1997.03.01"]
[SourceQuality "1"]

1. d4 d5 2. c4 c6 3. Nc3 e5 4. e3 exd4 5. exd4 Nf6 6. Bd3 Be7 7. Nge2 0-0 8. 0-0 dxc4 9. Bxc4 Nbd7 10. Bf4 Nb6 11. Bb3 Nbd5 12. Be5 Be6 13. Ng3 Qa5 14. Qf3 Rad8 15. h3 Rfe8 16. Rac1 Bb4 17. Rfd1 Bf8 18. Nf5 Qb4 19. Nxd5 Nxd5 20. Nh6+ Kh8 21. Nxf7+ Bxf7 22. Qxf7 Qe7 23. Qf5 1-0

[Event "Yalta op"]
[Site "Yalta"]
[Date "1996.??.??"]
[Round "4"]
[White "Izmukhambetov, Salauat"]
[Black "Emeljanov, Artur"]
[Result "1-0"]
[WhiteElo "2465"]
[BlackElo "2280"]
[PlyCount "73"]
[EventDate "1996.??.??"]
[EventType "swiss"]
[EventRounds "11"]
[EventCountry "UKR"]
[SourceTitle "EXT 1998"]
[Source "ChessBase"]
[SourceDate "1997.11.17"]
[SourceVersion "1"]
[SourceVersionDate "1997.11.17"]
[SourceQuality "1"]

1. e4 d6 2. d4 Nf6 3. Nc3 g6 4. f4 Bg7 5. Nf3 0-0 6. e5 dxe5 7. fxe5 Nd5 8. Bc4 Nb6 9. Bb3 Nc6 10. a3 Bg4 11. Be3 Bxf3 12. gxf3 Na5 13. Ba2 c5 14. Qe2 cxd4 15. 0-0-0 Nc6 16. f4 Qc8 17. Bxd4 Nxd4 18. Rxd4 Rd8 19. Rxd8+ Qxd8 20. f5 Bh6+ 21. Kb1 Qd2 22. fxg6 hxg6 23. Qf3 Qf4 24. Qxb7 Qxe5 25. Rf1 Rf8 26. Qxa7 Nc8 27. Qf2 Nd6 28. Re1 Qf5 29. Qxf5 Nxf5 30. Ne4 Kg7 31. b4 Bf4 32. h3 Ra8 33. Kb2 Be5+ 34. c3 Bf4 35. Bb3 Ng3 36. Nxg3 Bxg3 37. Rxe7 1-0

[Event "Yalta op"]
[Site "Yalta"]
[Date "1996.??.??"]
[Round "10"]
[White "Kobalia, Mihail"]
[Black "Izmukhambetov, Salauat"]
[Result "1/2-1/2"]
[WhiteElo "2425"]
[BlackElo "2465"]
[PlyCount "123"]
[EventDate "1996.??.??"]
[EventType "swiss"]
[EventRounds "11"]
[EventCountry "UKR"]
[SourceTitle "EXT 1998"]
[Source "ChessBase"]
[SourceDate "1997.11.17"]
[SourceVersion "1"]
[SourceVersionDate "1997.11.17"]
[SourceQuality "1"]

1. e4 c6 2. d4 d5 3. exd5 cxd5 4. c4 Nf6 5. Nc3 e6 6. Nf3 Be7 7. cxd5 Nxd5 8. Bd3 Nc6 9. 0-0 0-0 10. Re1 Bf6 11. Be4 Nce7 12. Qd3 h6 13. Qe2 Bd7 14. Ne5 Nxc3 15. bxc3 Rc8 16. Nxd7 Qxd7 17. Bd2 Rfd8 18. Qf3 Nd5 19. Rac1 b5 20. Bd3 Be7 21. Qe4 Nf6 22. Qe2 b4 23. Bb5 Qd5 24. c4 Qxd4 25. Be3 Qd3 26. Bxa7 Qxe2 27. Rxe2 Nd5 28. g3 Nc3 29. Rec2 Ra8 30. Bb6 Rdb8 31. Bd4 Nxb5 32. cxb5 Rxb5 33. Rc8+ Rxc8 34. Rxc8+ Bf8 35. Ra8 f6 36. f4 Rd5 37. Be3 Kf7 38. Kf2 Be7 39. Ra7 Ke8 40. Ke2 h5 41. h3 e5 42. fxe5 Rxe5 43. Ra8+ Kf7 44. Kf3 Rd5 45. Ra7 Ke6 46. g4 hxg4+ 47. hxg4 Rd3 48. Ra6+ Kd5 49. Ke2 Ra3 50. Rxa3 bxa3 51. Kd3 g6 52. Bd4 f5 53. gxf5 gxf5 54. Be3 Bd6 55. Bd2 Ke5 56. Bc1 f4 57. Bxf4+ Kxf4 58. Kc2 Ke3 59. Kb1 Kd3 60. Ka1 Kc3 61. Kb1 Be5 62. Kc1 1/2-1/2

[Event "Moscow-ch op"]
[Site "Moscow"]
[Date "1995.??.??"]
[Round "7"]
[White "Izmukhambetov, Salauat"]
[Black "Rychagov, Andrey"]
[Result "1/2-1/2"]
[WhiteElo "2435"]
[BlackElo "2310"]
[PlyCount "85"]
[EventDate "1995.??.??"]
[EventType "swiss"]
[EventRounds "11"]
[EventCountry "RUS"]
[SourceTitle "EXT 1997"]
[Source "ChessBase"]
[SourceDate "1996.11.15"]
[SourceVersion "1"]
[SourceVersionDate "1996.11.15"]
[SourceQuality "1"]

1. e4 e6 2. d4 d5 3. e5 c5 4. c3 Nc6 5. Nf3 Qb6 6. a3 Bd7 7. b4 cxd4 8. cxd4 Rc8 9. Bb2 Na5 10. Nbd2 Nc4 11. Nxc4 dxc4 12. Rc1 a5 13. Nd2 axb4 14. Nxc4 Qd8 15. axb4 b5 16. Nd6+ Bxd6 17. exd6 Nf6 18. Rc5 0-0 19. Bd3 Nd5 20. 0-0 Qb6 21. Qh5 f5 22. Rfc1 Ra8 23. Qe2 Ra2 24. Bb1 Ra4 25. Qe5 Rxb4 26. R1c2 Kh8 27. h3 Re8 28. Re2 Qd8 29. Kh2 Ra4 30. Bd3 Qb8 31. Rc7 Qd8 32. Rb7 Ra5 33. Bxf5 b4 34. Rxd7 Qxd7 35. Bxe6 Qd8 36. d7 Re7 37. Qd6 Nf6 38. Qxb4 Nxd7 39. Ba3 Re8 40. Bg4 Rxe2 41. Bxe2 Nf6 42. Bf3 h6 43. Qc3 1/2-1/2

[Event "Moscow-ch op"]
[Site "Moscow"]
[Date "1995.??.??"]
[Round "4"]
[White "Umanskaya, Irina"]
[Black "Izmukhambetov, Salauat"]
[Result "1/2-1/2"]
[WhiteElo "2300"]
[BlackElo "2435"]
[PlyCount "65"]
[EventDate "1995.??.??"]
[EventType "swiss"]
[EventRounds "11"]
[EventCountry "RUS"]
[SourceTitle "EXT 1997"]
[Source "ChessBase"]
[SourceDate "1996.11.15"]
[SourceVersion "1"]
[SourceVersionDate "1996.11.15"]
[SourceQuality "1"]

1. Nf3 d5 2. c4 c6 3. d4 Nf6 4. Nc3 dxc4 5. a4 Bg4 6. Ne5 Bh5 7. g3 e6 8. Bg2 Bb4 9. 0-0 Nd5 10. Na2 Be7 11. Nxc4 0-0 12. Nc3 a5 13. Qd2 Nb6 14. Ne5 f6 15. Nf3 Na6 16. b3 Qd7 17. Na2 Nd5 18. Bb2 Rad8 19. Rfd1 Qc7 20. e4 Ndb4 21. Nxb4 Nxb4 22. Qc3 Rfe8 23. Bc1 e5 24. Be3 exd4 25. Rxd4 Bf8 26. Nd2 Rxd4 27. Bxd4 Rd8 28. Nc4 Rxd4 29. Qxd4 Nc2 30. Qb2 Nxa1 31. Qxa1 Qd8 32. e5 Bb4 33. Ne3 1/2-1/2